[Event "Rodovremesterskabet Gruppe B 2005"]
[Site "Rodovre"]
[Date "2005.10.25"]
[Round "7"]
[White "Thrane, Jens"]
[Black "Helleshoj, Knud Erik"]
[Result "1-0"]
[WhiteElo "1468"]
[BlackElo "1508"]
[PlyCount "117"]
[EventDate "2005.??.??"]
[SourceDate "2005.09.07"]

1. d4 d5 2. c4 c6 3. Nc3 Nf6 4. f3 g6 5. e4 dxe4 6. fxe4 e5 7. d5 Bb4 8. Qd3
Nbd7 9. Bg5 Nc5 10. Qg3 Qd6 11. Bxf6 Qxf6 12. Bd3 Nxd3+ 13. Qxd3 Qh4+ 14. g3
Bxc3+ 15. bxc3 Qf6 16. Nf3 Bg4 17. Rf1 Bxf3 18. Qxf3 Qxf3 19. Rxf3 O-O 20. Kd2
Rad8 21. Rf6 cxd5 22. cxd5 Rc8 23. Rb1 Kg7 24. Rd6 Rc7 25. g4 Rfc8 26. Rb3 Kf8
27. g5 h6 28. h4 hxg5 29. hxg5 Kg7 30. Rf6 Rh8 31. Rf2 Rh4 32. Kd3 Rh3+ 33. Kd2
Rg3 34. c4 Rxg5 35. d6 Rd7 36. Rd3 f5 37. exf5 gxf5 38. c5 e4 39. Rd5 Kf6 40.
Ke3 Ke6 41. Kd4 Kf6 42. Rf4 Rh5 43. Re5 Kg6 44. Kd5 Kf6 45. Rexe4 Kg5 46. Ra4
Rh6 47. Rfd4 b6 48. Kc6 bxc5 49. Kxd7 cxd4 50. Rxd4 Rh7+ 51. Kc8 Rh8+ 52. Kc7
f4 53. d7 f3 54. d8=Q+ Rxd8 55. Rxd8 Kg4 56. a4 a5 57. Kb6 f2 58. Rf8 Kg3 59.
Kxa5 1-0

[Event "Rodovremesterskabet Gruppe B 2005"]
[Site "Rodovre"]
[Date "2005.10.25"]
[Round "7"]
[White "Rohder, Bjarne"]
[Black "Alic, Ohran"]
[Result "1-0"]
[WhiteElo "1465"]
[BlackElo "1582"]
[PlyCount "117"]
[EventDate "2005.??.??"]
[SourceDate "2005.09.07"]

1. d4 d5 2. Nc3 c6 3. e4 dxe4 4. Nxe4 Bf5 5. Ng3 Bg6 6. Nf3 Nf6 7. Bg5 e6 8.
Ne5 Qa5+ 9. c3 Nbd7 10. Nxg6 hxg6 11. Qd2 Bd6 12. Bd3 c5 13. Bf4 Bxf4 14. Qxf4
Nd5 15. Qd2 cxd4 16. cxd4 Qxd2+ 17. Kxd2 Nf4 18. Be4 O-O-O 19. Ke3 Nh5 20. Ne2
f5 21. Bc2 g5 22. Rac1 Kb8 23. h3 Nhf6 24. Rhd1 g4 25. Nf4 Rhe8 26. hxg4 Nxg4+
27. Kf3 Nh6 28. Bb3 Nf8 29. d5 exd5 30. Rxd5 g5 31. Rxd8+ Rxd8 32. Ne6 g4+ 33.
Kf4 Re8 34. Nxf8 Rxf8 35. Be6 a6 36. Rc5 b6 37. Rc6 Kb7 38. Bd5 Rd8 39. Rd6+
Kc7 40. Rxd8 Kxd8 41. Be6 g3 42. f3 Ke7 43. Bxf5 Kf6 44. Be4 Nf7 45. Kxg3 Ke5
46. b3 a5 47. Kh4 b5 48. g4 Kf6 49. Kh5 Ng5 50. Bc6 b4 51. f4 Ne6 52. f5 Nd4
53. Be4 Nb5 54. Kh6 Nc3 55. g5+ Kf7 56. g6+ Kg8 57. Bd3 Kh8 58. Bc4 Ne4 59. g7#
1-0